000 00694nam a2200229Ia 4500
005 20260429112010.0
008 260429s9999||||xx |||||||||||||| ||und||
020 _a9781032273228
041 _aEnglish
082 _a371.102
_bMEY
100 _aMeyer, Debra K.
245 0 _aClassroom research partnerships :
_bcollaborating with school communities for the common good /
_cDebra K. Meyer
250 _a1st ed.
260 _aNew Delhi :
_bRoutledge,
_c2024.
300 _axv, 173 p.; pbk
650 _a Educational research
650 _a School-community partnerships
650 _aClassroom research
700 _a Perry, Nancy E.
700 _a Turner, Julianne C.
942 _cTB
999 _c51821
_d51821